Normal view
MARC view
Entry Topical Term
001 - CONTROL NUMBER
- control field: 6990
003 - CONTROL NUMBER IDENTIFIER
- control field: ARRUPE
005 - DATE AND TIME OF LATEST TRANSACTION
- control field: 20140123104251.0
008 - FIXED-LENGTH DATA ELEMENTS
- fixed length control field: 140123|| aca||aabn | a|a d
040 ## - CATALOGING SOURCE
- Original cataloging agency: ARRUPE
- Transcribing agency: ARRUPE
150 ## - HEADING--TOPICAL TERM
- Topical term or geographic name as entry element: United States - Civil war - Fiction
670 ## - SOURCE DATA FOUND
- Source citation: Work cat.: (ARRUPE): Crane, Stephen 6989, The Red badge of courage, 1951